OSS 117 - Discours sur la plage - Statistiques

Statistiques générales
  • Ce quiz a été pris 271 fois
  • Le résultat moyen est 67 sur 152
Statistiques - réponses
Réponse % Correct
le
80%
Le
80%
à
73%
Vous
70%
vous
70%
il
67%
monde,
65%
monde...
65%
monde
65%
de
62%
là,
61%
la
61%
Et
60%
pas
60%
pas.
60%
Je
56%
je
56%
mais
56%
Mais
56%
va
55%
coiffeur,
48%
attend
47%
les
47%
C'est
46%
c'est
46%
êtes
45%
ça
44%
ça,
44%
ça,
44%
en
44%
une
43%
bien
42%
bien.
42%
comme
42%
chez
40%
vite.
40%
année
37%
bouge.
37%
bouge
37%
avez
36%
Changer
36%
changer
36%
que
35%
se
35%
déjà
33%
déjà.
33%
qui
33%
" On
32%
vacances,
32%
vacances. "
32%
pensé
31%
sabbatique,
31%
dis,
29%
Non
29%
vrai
29%
au
27%
très
27%
Bon
26%
pris
26%
si
26%
sais
25%
faudrait
24%
jeunesse.
24%
n'est
24%
rentrée...
24%
68,
23%
enfants.
23%
lever
23%
matin.
23%
vos
23%
l'année
22%
prochaine...
22%
prochaine ?
22%
allez
21%
Alors,
20%
passe.
20%
plier
20%
courant,
19%
désirs,
19%
j'ai
18%
ok.
18%
dehors.
17%
merci,
17%
Parce
17%
sympathiques,
17%
miennes.
16%
tout
16%
rester
13%
sur
13%
hein.
10%
carreau,
9%
fini.
8%
tarder
8%
troubadours,
7%
guitare,
6%
gnagnagna,
4%
Aucun quiz correspondant
Distribution des résultats
% des personnes avec chaque résultat
Percentile par nombre de réponses
Votre historique - résultats
Vous n’avez pas pris ce quiz